000 00697nam a2200277Ia 4500
005 20260324112507.0
008 008 260324s9999 xx 000 0 eng d
020 _a9781003332053
037 _aEBOOK
040 _aCRL
040 _beng
040 _cCRL
041 _2eng
041 _aeng
084 _qCRL
100 _aAdolfo Benito Narváez Tijerina; Gabriela Carmona Ochoa
_91142923
245 0 _aTheory of Experience in Architecture and Urban Design
260 _bTaylor and Francis
260 _c2024
365 _a
365 _b290
856 _uhttp://www.taylorfrancis.com/books/9781003332053
942 _cEBOOK
999 _c1732158
_d1732158